000 00324nam a22001337a 4500
020 _a978-93-82876-29-1
082 _a823
_bRAD/S
100 _aPILLAI, G.RADHAKRISHNA
245 _aSAVING THE MOON
_bMULLAH STORIES
246 _aSAVING THE MOON
_bMULLAH STORIES
520 _aSHORT STORY
650 _aSHORT STORY
942 _cBK
999 _c3361
_d3361